BUBT Library Online Catalog

Constitutional Law of Bangladesh: (Record no. 3772)

000 -LEADER
fixed length control field 00660nam a2200229Ia 4500
003 - CONTROL NUMBER IDENTIFIER
control field BUBTL
008 - FIXED-LENGTH DATA ELEMENTS--GENERAL INFORMATION
fixed length control field 151213s9999 xx 000 0 und d
020 ## - INTERNATIONAL STANDARD BOOK NUMBER
International Standard Book Number 984-32-01-0126-4
082 ## - DEWEY DECIMAL CLASSIFICATION NUMBER
Classification number 342.5492/ Is41c/ 2002
100 ## - MAIN ENTRY--PERSONAL NAME
Personal name Islam, Mahmudul
9 (RLIN) 2421
245 ## - TITLE STATEMENT
Title Constitutional Law of Bangladesh:
Statement of responsibility, etc. Mahmudul Islam
250 ## - EDITION STATEMENT
Edition statement 2nd.
260 ## - PUBLICATION, DISTRIBUTION, ETC. (IMPRINT)
Place of publication, distribution, etc. Dhaka
Name of publisher, distributor, etc. Mullick Brothers
Date of publication, distribution, etc. c2002
300 ## - PHYSICAL DESCRIPTION
Extent [xcix], 848p. :
Other physical details ill . ;
Dimensions 21.5 cm .
500 ## - GENERAL NOTE
General note Includes Index.
650 ## - SUBJECT ADDED ENTRY--TOPICAL TERM
Topical term or geographic name as entry element Law
650 ## - SUBJECT ADDED ENTRY--TOPICAL TERM
Topical term or geographic name as entry element Law
9 (RLIN) 4260
700 ## - ADDED ENTRY--PERSONAL NAME
Personal name Mahmudul Islam
9 (RLIN) 2421
856 ## - ELECTRONIC LOCATION AND ACCESS
Password 0
Logon 0
Link text Download
942 ## - ADDED ENTRY ELEMENTS (KOHA)
Source of classification or shelving scheme
Koha item type Books
Holdings
Withdrawn status Lost status Source of classification or shelving scheme Damaged status Not for loan Collection code Permanent location Current location Shelving location Date acquired Source of acquisition Inventory number Total Checkouts Full call number Barcode Date last seen Copy number Price effective from Koha item type Date last checked out
        Not For Loan Non-fiction Bangladesh University of Business and Technology Library Bangladesh University of Business and Technology Library Law Stacks 12/22/2009 Purchase 7125   342.5492/ Is41c/ 2002 BUBTL-20037125 10/10/2021 C-1 10/10/2021 Books  
        Not For Loan Non-fiction Bangladesh University of Business and Technology Library Bangladesh University of Business and Technology Library Law Stacks 12/22/2009 Purchase 7676   342.5492/ Is41c/ 2002 BUBTL-20037676 10/10/2021 C-2 10/10/2021 Books  
          Non-fiction Bangladesh University of Business and Technology Library Bangladesh University of Business and Technology Library Law Stacks 12/22/2009 Purchase 7677   342.5492/ Is41c/ 2002 BUBTL-20037677 10/10/2021 C-3 10/10/2021 Books  
          Non-fiction Bangladesh University of Business and Technology Library Bangladesh University of Business and Technology Library Law Stacks 12/22/2009 Purchase 7678   342.5492/ Is41c/ 2002 BUBTL-20037678 10/10/2021 C-4 10/10/2021 Books  
        Not For Loan Non-fiction Bangladesh University of Business and Technology Library Bangladesh University of Business and Technology Library Law Stacks 12/22/2009 Purchase 7689   342.5492/ Is41c/ 2002 BUBTL-20037689 10/10/2021 C-5 10/10/2021 Books  
          Non-fiction Bangladesh University of Business and Technology Library Bangladesh University of Business and Technology Library Law Stacks 12/22/2009 Purchase 7690 1 342.5492/ Is41c/ 2002 BUBTL-20037690 03/27/2024 C-6 10/10/2021 Books 03/20/2024
          Non-fiction Bangladesh University of Business and Technology Library Bangladesh University of Business and Technology Library Law Stacks 12/22/2009 Purchase 7691   342.5492/ Is41c/ 2002 BUBTL-20037691 10/10/2021 C-7 10/10/2021 Books  

More Information About Library

Library Hours

  • Open: 9.00 am. to 9.00 pm.
  • Only Sunday: 9.00 am. to 6.00 pm.
  • Closed: Holiday

Contact to the University

Bangladesh University of Business and Technology Library

  • Mirpurl-2, 1216.
  • Phone:
  • Fax:
  • E-Mail: admin.library@bubt.edu.bd

Contact to the Library

Contact Person:

Md. Abdul Hakim Shah
Joint Librarian
PABX No:  113
Cell No: 01816332931
E-mail: official: admin.library@bubt.edu.bd
Personal: hakim.shah@bubt.edu.bd


BUBT Library

Copyright © 2021